[Event "IECC TH-M-3221"]
[Site "IECC email"]
[Date "2017.11.19"]
[Round "?"]
[White "Campbell, Graham G"]
[Black "Goodman, Ivor"]
[Result "1-0"]
[WhiteElo "1270"]
[BlackElo "1188"]
[PlyCount "75"]
[EventDate "2017.??.??"]
[EventType "tourn (corr)"]
[SourceTitle "Corr 2020"]
[Source "ChessBase"]
[SourceDate "2019.09.30"]
[SourceVersion "1"]
[SourceVersionDate "2019.09.30"]
[SourceQuality "1"]
[WhiteTeam "United States"]
[BlackTeam "England"]
[WhiteTeamCountry "USA"]
[BlackTeamCountry "ENG"]

1. c4 c5 2. Nf3 Nf6 3. Nc3 e6 4. g3 b6 5. e4 d6 6. d4 cxd4 7. Nxd4 Bb7 8. Bg2 a6 9. 0-0 Qc7 10. Be3 Nbd7 11. Rc1 Be7 12. Nd5 exd5 13. cxd5 Qxc1 14. Qxc1 Rc8 15. Qd2 0-0 16. Rc1 Rxc1+ 17. Qxc1 Rc8 18. Qd1 g6 19. Bh3 Rc7 20. Bxd7 Nxd7 21. Qa4 Kg7 22. Nc6 Nc5 23. Bxc5 bxc5 24. Nxe7 Rxe7 25. f3 h5 26. Qc2 f6 27. h4 Bc8 28. b4 Rc7 29. bxc5 Rxc5 30. Qd2 a5 31. f4 Bg4 32. Kf2 Kf7 33. Qb2 Ke7 34. Ke3 Bd7 35. Qa3 Kf7 36. Kd4 a4 37. e5 Ke7 38. exd6+ 1-0

[Event "IECC TH-M-3221"]
[Site "IECC email"]
[Date "2017.11.19"]
[Round "?"]
[White "Goodman, Ivor"]
[Black "Campbell, Graham G"]
[Result "0-1"]
[WhiteElo "1200"]
[BlackElo "1289"]
[PlyCount "102"]
[EventDate "2017.??.??"]
[EventType "tourn (corr)"]
[SourceTitle "Corr 2020"]
[Source "ChessBase"]
[SourceDate "2019.09.30"]
[SourceVersion "1"]
[SourceVersionDate "2019.09.30"]
[SourceQuality "1"]
[WhiteTeam "England"]
[BlackTeam "United States"]
[WhiteTeamCountry "ENG"]
[BlackTeamCountry "USA"]

1. c4 Nf6 2. Nf3 e6 3. e3 b6 4. a3 Bb7 5. Be2 d6 6. d3 Be7 7. Nbd2 Nbd7 8. 0-0 0-0 9. b3 Rc8 10. Bb2 c5 11. Qc2 Re8 12. Rfe1 e5 13. Rad1 Nf8 14. Qb1 Ng6 15. h3 h6 16. Nf1 Bc6 17. Ng3 Bd7 18. d4 cxd4 19. exd4 exd4 20. Nxd4 Nh4 21. Nf3 Ng6 22. Nf5 Bxf5 23. Qxf5 Qd7 24. Qxd7 Nxd7 25. Bd3 Bf6 26. Bf5 Rxe1+ 27. Nxe1 Bxb2 28. Nd3 Bxa3 29. Bxd7 Rd8 30. Bf5 a5 31. Ra1 Bc5 32. Nxc5 dxc5 33. Bxg6 fxg6 34. f4 Rd4 35. Rf1 Kf7 36. Rf3 Kf6 37. g4 h5 38. gxh5 gxh5 39. f5 Kg5 40. Kg2 Rf4 41. Rg3+ Kxf5 42. Rxg7 Ke5 43. Rg5+ Rf5 44. Rxf5+ Kxf5 45. Kf3 Ke5 46. Ke3 Kd6 47. Kd3 Kc6 48. Kc3 b5 49. cxb5+ Kxb5 50. h4 Kc6 51. Kc4 Kb6 0-1

[Event "IECC TH-M-3216"]
[Site "IECC email"]
[Date "2017.11.10"]
[Round "?"]
[White "Goodman, Ivor"]
[Black "Hughes, Peter James"]
[Result "1-0"]
[WhiteElo "1189"]
[BlackElo "1081"]
[PlyCount "65"]
[EventDate "2017.??.??"]
[EventType "tourn (corr)"]
[SourceTitle "Corr 2020"]
[Source "ChessBase"]
[SourceDate "2019.09.30"]
[SourceVersion "1"]
[SourceVersionDate "2019.09.30"]
[SourceQuality "1"]
[WhiteTeam "England"]
[BlackTeam "Australia"]
[WhiteTeamCountry "ENG"]
[BlackTeamCountry "AUS"]

1. Nf3 d5 2. b3 Nf6 3. Bb2 e6 4. e3 Bc5 5. d3 Nc6 6. Nbd2 0-0 7. Be2 h6 8. 0-0 Re8 9. a3 a5 10. c3 e5 11. Qc2 Bf5 12. Rad1 e4 13. Nd4 Bxd4 14. cxd4 exd3 15. Bxd3 Bxd3 16. Qxd3 Ne7 17. Nf3 Ng6 18. Rc1 c6 19. Ne5 Nxe5 20. dxe5 Nd7 21. f4 Re7 22. g4 f6 23. exf6 Nxf6 24. Qg6 Qf8 25. g5 Ne8 26. Rce1 Ra6 27. Re2 Nc7 28. f5 c5 29. f6 Qf7 30. Qxf7+ Rxf7 31. h4 hxg5 32. hxg5 Ne8 33. g6 1-0

[Event "IECC O-4553"]
[Site "IECC email"]
[Date "2017.06.22"]
[Round "?"]
[White "Hughes, Peter James"]
[Black "Goodman, Ivor"]
[Result "0-1"]
[WhiteElo "1109"]
[BlackElo "1125"]
[PlyCount "44"]
[EventDate "2017.??.??"]
[EventType "swiss (corr)"]
[EventRounds "2"]
[SourceTitle "Corr 2020"]
[Source "ChessBase"]
[SourceDate "2019.09.30"]
[SourceVersion "1"]
[SourceVersionDate "2019.09.30"]
[SourceQuality "1"]
[WhiteTeam "Australia"]
[BlackTeam "England"]
[WhiteTeamCountry "AUS"]
[BlackTeamCountry "ENG"]

1. e4 e6 2. d4 d5 3. e5 c5 4. dxc5 Nc6 5. Bb5 Bxc5 6. Nf3 Bd7 7. 0-0 Qc7 8. Bxc6 Bxc6 9. Bf4 Ne7 10. Nbd2 0-0 11. a3 Nf5 12. b4 Bb6 13. h3 Bb5 14. c4 dxc4 15. Re1 Rad8 16. a4 Bc6 17. b5 Bd5 18. Qc2 Qc5 19. Re2 Nd4 20. Nxd4 Qxd4 21. Rd1 Qxf4 22. Ne4 Bxe4 0-1

[Event "TH-S-0982"]
[Site "IECC email"]
[Date "2017.05.01"]
[Round "?"]
[White "Downes, John"]
[Black "Goodman, Ivor"]
[Result "1-0"]
[WhiteElo "1293"]
[BlackElo "1126"]
[PlyCount "53"]
[EventDate "2017.??.??"]
[EventType "tourn (corr)"]
[SourceTitle "Corr 2020"]
[Source "ChessBase"]
[SourceDate "2019.09.30"]
[SourceVersion "1"]
[SourceVersionDate "2019.09.30"]
[SourceQuality "1"]
[WhiteTeam "Wales"]
[BlackTeam "England"]
[WhiteTeamCountry "WLS"]
[BlackTeamCountry "ENG"]

1. d4 d5 2. e4 dxe4 3. Nc3 e5 4. dxe5 Qxd1+ 5. Nxd1 Nc6 6. Bf4 Bf5 7. Ne3 Bd7 8. 0-0-0 0-0-0 9. Bc4 Be6 10. Bxe6+ fxe6 11. Ne2 Bc5 12. Rxd8+ Kxd8 13. Nc3 Bxe3+ 14. fxe3 Nge7 15. Nxe4 Nb4 16. a3 Nbd5 17. Nc5 Nxf4 18. exf4 g6 19. Nxb7+ Ke8 20. Rd1 Kf8 21. Rd8+ Kg7 22. Rd7 Re8 23. Rxc7 Kf8 24. Nc5 Nd5 25. Rxh7 Kg8 26. Rxa7 Nxf4 27. Ra6 1-0

[Event "OP-2012-0-02157"]
[Site "LSS email"]
[Date "2012.04.20"]
[Round "?"]
[White "Venturas, Bob"]
[Black "Goodman, Ivor"]
[Result "0-1"]
[WhiteElo "810"]
[BlackElo "1200"]
[PlyCount "54"]
[EventDate "2012.04.15"]
[EventType "tourn (corr)"]
[EventRounds "4"]
[EventCountry "GER"]
[SourceTitle "Corr 2015"]
[Source "ChessBase"]
[SourceDate "2015.07.17"]
[SourceVersion "1"]
[SourceVersionDate "2015.07.17"]
[SourceQuality "1"]

1. e4 c5 2. Bc4 e6 3. d4 cxd4 4. Qxd4 Nc6 5. Qd1 Nf6 6. e5 Nxe5 7. Bb3 d5 8. Bf4 Bd6 9. Ne2 0-0 10. 0-0 Qc7 11. Nd2 Nf3+ 12. Nxf3 Bxf4 13. Nxf4 Qxf4 14. Qd3 b6 15. c4 Ba6 16. Rac1 Rad8 17. Qc3 Rfe8 18. Ba4 Re7 19. Ne5 Rc7 20. Rfe1 b5 21. Qa5 Rdc8 22. Bxb5 Bxb5 23. Qxb5 dxc4 24. Qa4 Ne4 25. Nf3 g5 26. Qc2 c3 27. Rxe4 cxb2 0-1

[Event "OP-2012-0-02157"]
[Site "LSS email"]
[Date "2012.04.19"]
[Round "?"]
[White "Strohmeier, Josef"]
[Black "Goodman, Ivor"]
[Result "0-1"]
[WhiteElo "1644"]
[BlackElo "1200"]
[PlyCount "38"]
[EventDate "2012.04.15"]
[EventType "tourn (corr)"]
[EventRounds "4"]
[EventCountry "GER"]
[SourceTitle "Corr 2015"]
[Source "ChessBase"]
[SourceDate "2015.07.17"]
[SourceVersion "1"]
[SourceVersionDate "2015.07.17"]
[SourceQuality "1"]

1. e4 e5 2. Nf3 Nc6 3. Bb5 a6 4. Ba4 Nf6 5. 0-0 Be7 6. Re1 d6 7. Bxc6+ bxc6 8. h3 Bb7 9. d4 Nd7 10. Nc3 0-0 11. dxe5 dxe5 12. Be3 f5 13. exf5 Rxf5 14. Qd3 Rf7 15. Rad1 Bb4 16. a3 Bxc3 17. Qxc3 Qf6 18. Bg5 Qf5 19. Bh4 Qg6 0-1

[Event "OP-2012-0-02035"]
[Site "LSS email"]
[Date "2012.01.30"]
[Round "?"]
[White "Kazimierski, Tomasz"]
[Black "Goodman, Ivor"]
[Result "1-0"]
[WhiteElo "1651"]
[BlackElo "1200"]
[PlyCount "53"]
[EventDate "2012.01.27"]
[EventType "tourn (corr)"]
[EventRounds "4"]
[EventCountry "GER"]
[SourceTitle "Corr 2022"]
[Source "ChessBase"]
[SourceDate "2021.10.24"]
[SourceVersion "1"]
[SourceVersionDate "2021.10.24"]
[SourceQuality "1"]

1. d4 Nf6 2. c4 e6 3. Nc3 Bb4 4. e3 0-0 5. Nf3 d5 6. Bd2 Nc6 7. Qc2 Bd7 8. a3 Bxc3 9. Bxc3 Ne7 10. Ne5 Bc8 11. Bd3 b6 12. 0-0 Bb7 13. cxd5 exd5 14. f3 c5 15. dxc5 bxc5 16. Ng4 Ng6 17. Bxf6 gxf6 18. Nh6+ Kh8 19. Qxc5 Rc8 20. Qxa7 Rc7 21. Rac1 Qe7 22. Nf5 Qd8 23. f4 Rxc1 24. Rxc1 Bc8 25. Nd4 Ne7 26. Rc7 Re8 27. Bb5 1-0

[Event "IECC CL6-2008.09 email"]
[Site "IECC email"]
[Date "2008.11.10"]
[Round "?"]
[White "Goodman, Ivor"]
[Black "Gyongyosi, Peter Laszlo"]
[Result "0-1"]
[WhiteElo "1186"]
[BlackElo "1299"]
[PlyCount "86"]
[EventDate "2008.??.??"]
[EventType "tourn (corr)"]
[EventRounds "4"]
[SourceTitle "Corr 2011"]
[Source "ChessBase"]
[SourceDate "2010.08.31"]
[SourceVersion "1"]
[SourceVersionDate "2010.08.31"]
[SourceQuality "1"]
[WhiteTeam "England"]
[BlackTeam "Hungary"]
[WhiteTeamCountry "ENG"]
[BlackTeamCountry "HUN"]

1. c4 e5 2. Nc3 Nf6 3. Nf3 Nc6 4. e4 Bb4 5. Qc2 0-0 6. Be2 Nd4 7. Nxd4 exd4 8. Nd5 Nxd5 9. cxd5 c6 10. Bc4 b5 11. Bb3 Qg5 12. 0-0 Bb7 13. d3 Qg6 14. f4 Rac8 15. dxc6 Bxc6 16. Qe2 Rfe8 17. f5 Qf6 18. Qg4 Bc5 19. Bg5 Qd6 20. Bxf7+ Kxf7 21. Qh5+ Kg8 22. f6 Rf8 23. f7+ Kh8 24. Rf4 Qe6 25. Rh4 h6 26. Rf1 Be7 27. Bxe7 Qxe7 28. Rg4 Rfd8 29. Qg6 Qf8 30. Rh4 a5 31. Rf5 Ba8 32. e5 Rc1+ 33. Rf1 Rxf1+ 34. Kxf1 Rc8 35. Ke2 Rc2+ 36. Kd1 Rxg2 37. Rxh6+ gxh6 38. Qf6+ Kh7 39. Qf5+ Rg6 40. h4 Kg7 41. h5 Rg1+ 42. Ke2 Rg2+ 43. Kf1 Qxf7 0-1